Труды физиологического отделения : (Record no. 496284)
[ view plain ]
| 000 -LEADER | |
|---|---|
| fixed length control field | 01602nam a2200337 a 4500 |
| 003 - CONTROL NUMBER IDENTIFIER | |
| control field | AM-YeHGA |
| 040 ## - CATALOGING SOURCE | |
| Original cataloging agency | AM-YeHGA |
| 090 ## - LOCALLY ASSIGNED LC-TYPE CALL NUMBER (OCLC); LOCAL CALL NUMBER (RLIN) | |
| -- | 499674 |
| 001 - CONTROL NUMBER | |
| control field | 001161875 |
| 005 - DATE AND TIME OF LATEST TRANSACTION | |
| control field | 20250617162828.0 |
| 008 - FIXED-LENGTH DATA ELEMENTS--GENERAL INFORMATION | |
| fixed length control field | 160706m19271930ru ad|||r|||||001|0|rus|d |
| 041 0# - LANGUAGE CODE | |
| Language code of text/sound track or separate title | rus |
| 245 00 - TITLE STATEMENT | |
| Title | Труды физиологического отделения : |
| Remainder of title | (Вып. 1-3) / |
| Statement of responsibility, etc. | Гос. Тимирязев. науч.-исслед. ин-т ; Под ред. И.П. Разенкова. |
| 246 11 - VARYING FORM OF TITLE | |
| Title proper/short title | Physiologische abteilung herausgegeben von Prof. J.P. Razenkow |
| 260 ## - PUBLICATION, DISTRIBUTION, ETC. | |
| Place of publication, distribution, etc. | Москва : |
| Name of publisher, distributor, etc. | Изд-во Коммун. акад., |
| Date of publication, distribution, etc. | 1927- |
| -- | 1930. |
| 300 ## - PHYSICAL DESCRIPTION | |
| Extent | Вып. ; |
| Dimensions | 20 см. |
| 504 ## - BIBLIOGRAPHY, ETC. NOTE | |
| Bibliography, etc. note | Библиогр. в подстроч. примеч. |
| 505 10 - FORMATTED CONTENTS NOTE | |
| Miscellaneous information | Вып. 2 [1929, 80 с., ил.] / |
| Statement of responsibility | Авт.: Е.Б. Бабский, И.П. Чукачев, И.В. Малкиман, А.Н. Магницкий и др. |
| Miscellaneous information | Вып. 3 [1930, 140 с., ил., табл.] / |
| Statement of responsibility | Авт. Г.Ю. Гринберг, В.С. Брандгендлер и др. |
| 650 14 - SUBJECT ADDED ENTRY--TOPICAL TERM | |
| Topical term or geographic name entry element | Медицина |
| 650 14 - SUBJECT ADDED ENTRY--TOPICAL TERM | |
| Topical term or geographic name entry element | Физиология |
| 650 14 - SUBJECT ADDED ENTRY--TOPICAL TERM | |
| Topical term or geographic name entry element | Физиология человека |
| 700 1# - ADDED ENTRY--PERSONAL NAME | |
| Personal name | Бабский, Е.Б. |
| 700 1# - ADDED ENTRY--PERSONAL NAME | |
| Personal name | Чукачев, И.П. |
| 700 1# - ADDED ENTRY--PERSONAL NAME | |
| Personal name | Малкиман, И.В. |
| 700 1# - ADDED ENTRY--PERSONAL NAME | |
| Personal name | Магницкий, А.Н. |
| 700 1# - ADDED ENTRY--PERSONAL NAME | |
| Personal name | Гринберг, Г.Ю. |
| 700 1# - ADDED ENTRY--PERSONAL NAME | |
| Personal name | Брандгендлер, В.С. |
| 700 1# - ADDED ENTRY--PERSONAL NAME | |
| Personal name | Разенков, И.П. |
| Relator term | ред. |
| Relationship | edt |
| 710 2# - ADDED ENTRY--CORPORATE NAME | |
| Corporate name or jurisdiction name as entry element | Государственный Тимирязевский научно-исследовательский институт |
| 942 ## - ADDED ENTRY ELEMENTS (KOHA) | |
| Source of classification or shelving scheme | Universal Decimal Classification |
| Koha item type | Գրքեր / Books |
| Withdrawn status | Lost status | Source of classification or shelving scheme | Damaged status | Not for loan | Collection | Home library | Current library | Date acquired | Serial enumeration / chronology | Total checkouts | Full call number | Barcode | Date last seen | Price effective from | Koha item type | Public note |
|---|---|---|---|---|---|---|---|---|---|---|---|---|---|---|---|---|
| Universal Decimal Classification | General | Fundamental Scientific Library | Fundamental Scientific Library | 22/07/2019 | Вып. [2] | РII/9963 | FL0594876 | 22/07/2019 | 22/07/2019 | Գրքեր / Books | 30 Days Loan |
ՀՀ Գիտությունների ազգային ակադեմիայի հիմնարար գիտական գրադարան = Fundamental Scientific Library of NAS RA
All site content, except where otherwise noted, is licensed under a